Investigating the solvency of Brazilian credit unions using a proportional hazard model (Record no. 70388)

000 -LEADER
fixed length control field 00455pab a2200157 454500
008 - FIXED-LENGTH DATA ELEMENTS--GENERAL INFORMATION
fixed length control field 180718b2006 xxu||||| |||| 00| 0 eng d
100 ## - MAIN ENTRY--PERSONAL NAME
Personal name Braga, Marcelo J. et al.
245 ## - TITLE STATEMENT
Title Investigating the solvency of Brazilian credit unions using a proportional hazard model
260 ## - PUBLICATION, DISTRIBUTION, ETC.
Date of publication, distribution, etc. 2006
300 ## - PHYSICAL DESCRIPTION
Extent p.83-106.
362 ## - DATES OF PUBLICATION AND/OR SEQUENTIAL DESIGNATION
Dates of publication and/or sequential designation Mar
650 ## - SUBJECT ADDED ENTRY--TOPICAL TERM
Topical term or geographic name entry element Credit - Brazil
650 ## - SUBJECT ADDED ENTRY--TOPICAL TERM
Topical term or geographic name entry element Credit
773 ## - HOST ITEM ENTRY
Main entry heading Annals of Public and Cooperative Economics
909 ## -
-- 70388
Holdings
Withdrawn status Lost status Damaged status Not for loan Permanent Location Current Location Date acquired Serial Enumeration / chronology Barcode Date last seen Price effective from Koha item type
        Indian Institute of Public Administration Indian Institute of Public Administration 2018-07-19 Volume no: 77, Issue no: 1 AR70848 2018-07-19 2018-07-19 Articles

Powered by Koha